000 00631nam a2200217Ia 4500
003 OSt
005 20220928141342.0
006 a|||||r|||| 00| 0
007 ta
008 220927b |||||||| |||| 00| 0 eng d
024 _a14542
037 _cTextual
040 _aSDCL
_cSDCL
_beng
041 _2eng
_aeng
082 _aO-944,3Nx, N6
100 _aSuresh Kumar A V
_9499748
245 0 _aSix Indian novelists
_b Mulk Raj Anand,Raja Rao,RK Narayan,Balachandra Rajan ,Kamala Markandaya Anita Desai.
260 _c1996
942 _hO-944,3Nx, N6
_cTEXL
_2CC
999 _c816951
_d816951